Katalog Plus
Bibliothek der Frankfurt UAS
Bald neuer Katalog: sichern Sie sich schon vorab Ihre persönlichen Merklisten im Nutzerkonto: Anleitung.

Forging Afghanistan’s national unity government

Titel: Forging Afghanistan’s national unity government / Ali Jalali
Verfasser:
Veröffentlicht: Washington DC : United States Institute of Peace, 2015
Umfang: Online-Ressource (4 Seiten, 0,2 MB)
Format: E-Book
Sprache: Englisch
Mehrbändiges Werk: Peace brief ; 183
Schlagworte:
Kein Bild verfügbar
X
alg: 51794203
001A    $06055:07-05-24 
001B    $01999:14-05-24 $t01:10:45.000 
001D    $06055:07-05-24 
001U    $0utf8 
001X    $00 
002@    $0Oax 
002C    $aText $btxt $2rdacontent 
002D    $aComputermedien $bc $2rdamedia 
002E    $aOnline-Ressource $bcr $2rdacarrier 
003@    $0517942038 
004E/07 $0822240726 $lMENADOC 
004U    $0urn:nbn:de:gbv:3:5-87938 $S0 
007A    $0095571558 $aKEP 
007I    $0MENADOC-3:5-87938 
009Q    $S0 $uhttp://nbn-resolving.de/urn:nbn:de:gbv:3:5-87938 $xR 
010@    $aeng 
011@    $a2015 $n2015 
017B    $aZDB-234-MED 
021A    $aForging Afghanistan’s national unity government $hAli Jalali 
028A    $BVerfasser $#Jalali, Ali A. $#Ǧalālī, ʿAlī Aḥmad $#جلالی, علی احمد $#Jalali, Ali Ahmad $#Jalālay, ʿAlī Aḥmad $4aut $7101567092X $8Jalālī, ʿAlī Aḥmad$Z1940- [Tp3] $9276326423 
033A    $pWashington DC $nUnited States Institute of Peace 
033E    $pHalle (Saale) $nUniversitäts- und Landesbibliothek Sachsen-Anhalt 
034D    $aOnline-Ressource (4 Seiten, 0,2 MB) 
036E    $aPeace brief $l183 
037J    $aOpen Access $2star $uhttp://purl.org/coar/access_right/c_abf2 $fUnrestricted online access 
045R    $aGeschichte 
045T    $a6,23 

lok: 51794203 3

exp: 51794203 3 1 #EPN
201B/01 $014-05-24 $t01:10:45.125 
201C/01 $013-05-24 
201U/01 $0utf8 
203@/01 $01262803152 
204U/01 $0urn:nbn:de:gbv:3:5-87938 $S0 
208@/01 $a13-05-24 $bl 

lok: 51794203 5

exp: 51794203 5 1 #EPN
201B/01 $014-05-24 $t01:10:45.132 
201C/01 $013-05-24 
201U/01 $0utf8 
203@/01 $01262803160 
204U/01 $0urn:nbn:de:gbv:3:5-87938 $S0 
208@/01 $a13-05-24 $bl 

lok: 51794203 8

exp: 51794203 8 1 #EPN
201B/01 $014-05-24 $t01:10:45.137 
201C/01 $013-05-24 
201U/01 $0utf8 
203@/01 $01262803179 
204U/01 $0urn:nbn:de:gbv:3:5-87938 $S0 
208@/01 $a13-05-24 $bl 

lok: 51794203 10

exp: 51794203 10 1 #EPN
201B/01 $014-05-24 $t01:10:45.145 
201C/01 $013-05-24 
201U/01 $0utf8 
203@/01 $01262803187 
204U/01 $0urn:nbn:de:gbv:3:5-87938 $S0 
208@/01 $a13-05-24 $bl 

lok: 51794203 21

exp: 51794203 21 1 #EPN
201B/01 $014-05-24 $t01:10:45.150 
201C/01 $013-05-24 
201U/01 $0utf8 
203@/01 $01262803195 
204U/01 $0urn:nbn:de:gbv:3:5-87938 $S0 
208@/01 $a13-05-24 $bl 

lok: 51794203 23

exp: 51794203 23 1 #EPN
201B/01 $014-05-24 $t01:10:45.157 
201C/01 $013-05-24 
201U/01 $0utf8 
203@/01 $01262803209 
204U/01 $0urn:nbn:de:gbv:3:5-87938 $S0 
208@/01 $a13-05-24 $bl 

lok: 51794203 25

exp: 51794203 25 1 #EPN
201B/01 $014-05-24 $t01:10:45.164 
201C/01 $013-05-24 
201U/01 $0utf8 
203@/01 $01262803217 
204U/01 $0urn:nbn:de:gbv:3:5-87938 $S0 
208@/01 $a13-05-24 $bl 

lok: 51794203 204

exp: 51794203 204 1 #EPN
201B/01 $014-05-24 $t01:10:45.170 
201C/01 $013-05-24 
201U/01 $0utf8 
203@/01 $01262803225 
204U/01 $0urn:nbn:de:gbv:3:5-87938 $S0 
208@/01 $a13-05-24 $bl 

lok: 51794203 205

exp: 51794203 205 1 #EPN
201B/01 $014-05-24 $t01:10:45.176 
201C/01 $013-05-24 
201U/01 $0utf8 
203@/01 $01262803233 
204U/01 $0urn:nbn:de:gbv:3:5-87938 $S0 
208@/01 $a13-05-24 $bl
LEADER 00000cam a22000002c 4500
001 517942038
003 DE-603
005 20240514011045.0
007 cr||||||||||||
008 240507s2015 xx |||| o| u00||u|eng c
024 7 |a urn:nbn:de:gbv:3:5-87938  |2 urn 
028 5 2 |a 822240726 
035 |a (DE-599)KEP095571558 
040 |a DE-603  |b ger  |c DE-603  |d DE-603 
041 |a eng 
084 |a 6,23  |2 ssgn 
100 1 |a Jalālī, ʿAlī Aḥmad  |d 1940-  |e Verfasser  |4 aut  |0 (DE-603)276326423  |0 (DE-588)101567092X  |2 gnd 
245 0 0 |a Forging Afghanistan’s national unity government  |c Ali Jalali 
264 1 |a Washington DC  |b United States Institute of Peace  |c 2015 
264 2 |a Halle (Saale)  |b Universitäts- und Landesbibliothek Sachsen-Anhalt 
300 |a Online-Ressource (4 Seiten, 0,2 MB) 
336 |a Text  |b txt  |2 rdacontent 
337 |a Computermedien  |b c  |2 rdamedia 
338 |a Online-Ressource  |b cr  |2 rdacarrier 
490 0 |a Peace brief  |v 183 
648 7 |a Geschichte  |2 gnd 
856 |u http://nbn-resolving.de/urn:nbn:de:gbv:3:5-87938  |x Resolving-System  |z kostenfrei 
912 |a ZDB-234-MED 
924 1 |9 603  |a (DE-603)1262803152  |b DE-603  |c HES  |d d 
924 1 |9 603  |a (DE-603)1262803160  |b DE-603  |c HES  |d d 
924 1 |9 603  |a (DE-603)1262803179  |b DE-603  |c HES  |d d 
924 1 |9 603  |a (DE-603)1262803187  |b DE-603  |c HES  |d d 
924 1 |9 603  |a (DE-603)1262803195  |b DE-603  |c HES  |d d 
924 1 |9 603  |a (DE-603)1262803209  |b DE-603  |c HES  |d d 
924 1 |9 603  |a (DE-603)1262803217  |b DE-603  |c HES  |d d 
924 1 |9 603  |a (DE-603)1262803225  |b DE-603  |c HES  |d d 
924 1 |9 603  |a (DE-603)1262803233  |b DE-603  |c HES  |d d